000 00730nam1a22002411 4500
001 rc\600148
005 20260407220942.0
035 _a(NLR Aleph) 005949531
090 _a6752006
_c6752006
100 _a20031121d1986 u y0rusy50 ca
101 0 _arus
102 _aRU
105 _ay |||||||||
200 1 _aКниги издательства "Детская литература"...
_eСтат. сб.
210 _aМ.
_cДет. лит.
_d1986
215 _d20
710 0 2 _a"Детская литература", издательство
_cМосква
_9789760
_3RU\NLR\AUTH\8810147636
801 0 _aRU
_bNLR
_gpsbo
801 1 _aRU
_bELAR
_2rusmarc
852 _aNLR
_j87-4/23100
942 _cBOOK
980 _aNB